000 00991cab a2200253 4500
001 X90837
008 090401t1998 xxu||||| |||| 00| 0 eng d
035 _a(Sirsi) u90837
041 _aeng
100 _aSimpson, E.
245 _a`As of right`: all in the mind?
260 _c1998
350 _a0
490 _aConveyancer & Property Lawyer
_v(62) November/December 1998, 442-456(15)
520 _aFocusses on the issue of whether the belief of the public that their use of a right of way is lawful is sufficient indication that such use is `as of right` within the meaning of Highways Act 1980 s31. Discusses "O`Keefe v SoS Environment and Isle of Wight County Council" and other cases in connection with the issue.
650 _aAS OF RIGHT REQUIREMENT
650 _aHIGHWAYS ACT 1980
650 _aMILLS V SILVER
650 _aO`KEEFE V SOS ENVIRONMENT
650 _aRIGHTS OF WAY
690 _aHIGHWAYS RIGHTS OF WAY AND EASEMENTS
942 _n0
948 _c21/01/1999
999 _c57621
_d57621